STRENGTH OF MATERIALS (Record no. 23105)

MARC details
000 -LEADER
fixed length control field 00350nam a22001577a 4500
003 - CONTROL NUMBER IDENTIFIER
control field SGT
020 ## - INTERNATIONAL STANDARD BOOK NUMBER
International Standard Book Number 9780071072564
082 ## - DEWEY DECIMAL CLASSIFICATION NUMBER
Classification number 620.112,RAT
100 ## - MAIN ENTRY--PERSONAL NAME
Personal name RATTAN,S.S.
245 ## - TITLE STATEMENT
Title STRENGTH OF MATERIALS
250 ## - EDITION STATEMENT
Edition statement 2ND
260 ## - PUBLICATION, DISTRIBUTION, ETC. (IMPRINT)
Place of publication, distribution, etc NEW DELHI
Name of publisher, distributor, etc MC GRAW HILL
Year of Publication 2015
300 ## - PAGE DESCRIPTION
No. of Pages 737
650 ## - SUBJECT ADDED ENTRY--TOPICAL TERM
Topical term or geographic name as entry element MECHANICAL ENGINEERING
942 ## - ADDED ENTRY ELEMENTS (KOHA)
Source of classification or shelving scheme Dewey Decimal Classification
Koha item type Books
942 ## - ADDED ENTRY ELEMENTS (KOHA)
-- 4
Holdings
Withdrawn status Lost status Source of classification or shelving scheme Damaged status Not for loan Collection code Home library Current library Shelving location Date acquired SGTU Total Checkouts Full call number Accession No. (Barcode) Date last seen Date last borrowed Bill Date Koha item type
    Dewey Decimal Classification     ENGINEERING SGT Engineering Library SGT Engineering Library Text Book 05/08/2022 SGTU 11 620.112,RAT FE8512 10/02/2026 10/02/2026 05/08/2022 Books